Statistiques concernant Paroles - Sensualité - Axelle Red

Cliquez ici pour prendre le quiz!

Statistiques générales

  • Ce quiz a été pris 1 344 fois
  • Le résultat moyen est 169 sur 190

Statistiques - réponses

Paroles% Correct
sens
99%
sensualité
99%
Sensualité
99%
en
98%
J'aime
98%
J'aime,
98%
j'aime
98%
le
98%
te
98%
tes
98%
Tes
98%
ton
98%
douceur
97%
gestes
97%
Ta
97%
Tous
97%
odeur
96%
Que
96%
que
96%
un
96%
ce
95%
de
95%
Lentement
95%
Oh,
95%
yeux,
95%
yeux
95%
des
94%
instant
93%
moment
93%
J'aimerais
92%
ou
92%
pour
91%
Je
90%
je
90%
ma
90%
me
90%
d'années
89%
dirigés
89%
stop
89%
tas
89%
amour
88%
Tu
88%
jour"
87%
jour
87%
si
86%
Désir
85%
dit
85%
maman
84%
sauras
84%
"Ralentis
82%
Fixe
81%
Et
76%
Pas
76%
pas
76%
envoutée
75%
Jamais
73%
La
73%
pensé
73%
n'aurais
72%
lui"
71%
besoin
70%
"Tant
70%
m'avait
69%
Il
66%
Ne
65%
demande
62%
simplement
61%
toujours
61%
apparemment
60%
encore
60%
temps
60%
fais
59%
passion
58%
quelques
58%
semblant
58%
t'aimerai
57%
paraît
56%
qu'après
56%
s'affaiblit
56%

Distribution des résultats

Percentile par nombre de réponses

% des personnes avec chaque résultat

Votre développement - résultats

Vous n’avez pas pris ce quiz